| Поле | Инд. | ПП | Название | Значение |
|---|---|---|---|---|
| Тип записи | a | |||
| Библиографический уровень | b | |||
| 001 | Контрольный номер | RU/IS/BASE/160928696 | ||
| 005 | Дата корректировки | 20200522190707.2 | ||
| 084 | a | Индекс другой классификации/Индекс ББК | 87.25; 87.22 | |
| 100 | 1_ | a | Автор | Колесникова И. А. |
| 245 | 10 | a | Заглавие | Природа гуманитарного знания и его миссия в современном обществе |
| 504 | a | Библиография | Библиогр. ссылки | |
| 650 | 04 | a | Основная рубрика | философия; гносеология (эпистемология) |
| 653 | 0_ | a | Ключевые слова | гуманитаризация общества |
| a | Ключевые слова | гуманитарное знание | ||
| a | Ключевые слова | гуманитарное познание | ||
| a | Ключевые слова | гуманитарность | ||
| a | Ключевые слова | знание | ||
| a | Ключевые слова | наука | ||
| a | Ключевые слова | научное знание | ||
| a | Ключевые слова | общественное развитие | ||
| a | Ключевые слова | философия познания | ||
| 773 | 18 | t | Заглавие источника | Социально-гуманитарные знания |
| d | Дата издания источника | 2001 | ||
| g | Прочая информация | № 3. - С. 33 - 46 | ||
| w | Контрольный № источника | RU/IS/BASE/139676203 | ||
| 901 | t | Тип документа | b |